Transformational leadership (Record no. 631959)

MARC details
000 -LEADER
fixed length control field 00738nam a2200253Ia 4500
003 - CONTROL NUMBER IDENTIFIER
control field OSt
005 - DATE AND TIME OF LATEST TRANSACTION
control field 20220926015538.0
008 - FIXED-LENGTH DATA ELEMENTS--GENERAL INFORMATION
fixed length control field 220923b |||||||| |||| 00| 0 eng d
037 ## - SOURCE OF ACQUISITION
Terms of availability General Book
040 ## - CATALOGING SOURCE
Original cataloging agency RTL
Transcribing agency RTL
Language of cataloging eng
041 ## - LANGUAGE CODE
Source of code eng
Language code of text/sound track or separate title eng
100 ## - MAIN ENTRY--PERSONAL NAME
Personal name Godard Alain
9 (RLIN) 322672
245 #0 - TITLE STATEMENT
Title Transformational leadership
Remainder of title Shared dreams to succeed
260 ## - PUBLICATION, DISTRIBUTION, ETC.
Place of publication, distribution, etc. New York
Name of publisher, distributor, etc. Palgrave USA
Date of publication, distribution, etc. 2000
300 ## - PHYSICAL DESCRIPTION
Extent xvii, 140p
Dimensions cm.
500 ## - GENERAL NOTE
General note Appendix: P 128-35
650 ## - SUBJECT ADDED ENTRY--TOPICAL TERM
Topical term or geographic name entry element Corporate MVPs
9 (RLIN) 231840
700 ## - ADDED ENTRY--PERSONAL NAME
Personal name Lenhardt Vincent
9 (RLIN) 322673
942 ## - ADDED ENTRY ELEMENTS (KOHA)
Classification part XM5:8, P0
Koha item type General Books
Source of classification or shelving scheme Colon Classification (CC)
Holdings
Withdrawn status Lost status Damaged status Not for loan Home library Current library Date acquired Total Checkouts Full call number Barcode Date last seen Price effective from Koha item type
        Ratan Tata Library Ratan Tata Library 2022-09-26   XM5:8 P0 RT1159835 2022-09-26 2022-09-26 General Books
Copyright @ Delhi University Library System